LEADER 01300nam a2200313 i 4500 001 000000188995 003 CaOOAMICUS 005 20170125000000.0 008 170125s1994 it u000 u ita u 013 $a167243 020 $a88-7983-299-9 040 $aSeMil$bita 100 0 $aCicero, Marcus Tullius,$d<106-43 a.C.>.$0(OLS)http://semarc/name/659 245 12$aL'arte di invecchiare /$cMarco Tullio Cicerone ; Cura e versione di Bartolomeo Rossetti. 250 $aEdizione integrale. 260 $aRoma :$bTascabili Economici Newton,$c1994. 300 $a98 p. ;$c20 cm. 490 0 $aCentopaginemillelire ;$v152 650 4$aUomo - Invecchiamento.$0(OLS)http://semarc/subject/37885 700 1 $aRossetti, Bartolomeo <1923-2000>.$0(OLS)http://semarc/name/93721 830 0$aCentopaginemillelire ;$v152.$0(OLS)http://semarc/title/20358 850 $aSeMil 852 $aSeMil$W1$xVenegono$y1$m1X II 6$j254054$B139630$CSeMilBibl$Z2$F215714 $81 900 0 $aCicerone, Marco Tullio. 961 $aOmaggio: Brambilla don Paolo 996 $6020$a88-7983-299-9$9(OLS)http://semarc/number/274265 996 $6245$aL'arte di invecchiare$9(OLS)http://semarc/title/409166 996 $6260$aRoma :$bTascabili Economici Newton$9(OLS)http://semarc/publisher/35030 LEADER 01125nam a2200253 i 4500 001 000000080152 003 CaOOAMICUS 005 20171023000000.0 008 171023s2014 it u000 u ita u 013 $a52390 020 $a978-88-215-9270-6 040 $aSeMil$bita 100 1 $aMartinez, Salvatore,$d<1966- >.$0(OLS)http://semarc/name/43626 245 10$aSospinti dallo Spirito :$bripartiamo dal Cenacolo /$cSalvatore Martinez ; prefazione del card. Angelo Comastri. 260 $aCinisello Balsamo :$bSan Paolo,$c2014. 300 $a188 p. ;$c21 cm. 650 4$aSpirito Santo - Meditazioni.$0(OLS)http://semarc/subject/6356 700 1 $aComastri, Angelo,$c.$0(OLS)http://semarc/name/5864 850 $aSeMil 852 $aSeMil$W1$xVenegono$y1$m3E III 346$j45718$B45718$CSeMilBibl$Z2$F47749 $81 961 $aOmaggio: Bressan don Luca 996 $6020$a978-88-215-9270-6$9(OLS)http://semarc/number/270691 996 $6245$aSospinti dallo Spirito :$bripartiamo dal Cenacolo$9(OLS)http://semarc/title/403777 996 $6260$aCinisello Balsamo :$bSan Paolo$9(OLS)http://semarc/publisher/30129